[Event "Championnat 13"]
[Site "Vitrolles"]
[Date "2013.02.02"]
[Round "7"]
[White "Estevez, Eric"]
[Black "Battaglia, Gerard"]
[Result "0-1"]
[WhiteElo "1980"]
[BlackElo "1850"]
[Annotator "Gozzoli,Y"]
[PlyCount "122"]
[EventDate "2012.??.??"]
[EventType "swiss"]
[EventRounds "6"]
[EventCountry "FRA"]
[SourceDate "2005.09.12"]

1. e4 e6 2. d4 d5 3. Nc3 Nf6 4. Bg5 Bb4 {La variante McCutcheon, spécialité du
Super-GM Russe, Alexander Morozevich.} 5. e5 h6 6. exf6 {Pas la réaction la
plus dangereuse. Les Noirs vont obtenir la paire de Fous et un fort centre de
pions.} (6. Bd2 {reste la ligne principale}) (6. Be3 {mérite aussi l'attention.
}) 6... hxg5 7. fxg7 Rg8 8. a3 (8. h4 {est meilleur.}) 8... Bxc3+ 9. bxc3 Qf6
$11 10. Rb1 b6 {pas nécéssaire.} (10... Qxg7 {et on déterminera ensuite le
placement des pièces à l'aile-Q.}) 11. Qg4 Qxg7 12. h4 $6 {Les Blancs
transposent volontairement dans une finale où leur structure de pions est
endommagée.} ({Meilleur est} 12. Nf3 {avec l'idée d'utiliser l'affaiblissement
des cases blanches causé par la poussée ..b6 ( pousser c3-c4, Ne5...)}) 12...
gxh4 13. Qxg7 Rxg7 14. Rxh4 Nd7 15. Rh8+ Ke7 $15 {Diagramme [#] Les Noirs ont
une structure de pions très souple et vont rapidement s'emparer de
l'initiative par ...c7-c5 et/ou ...e6-e5.} 16. Ba6 $4 {Une grosse faute
tactique !} Bb7 $6 {que les Noirs ne punissent pas !} (16... Rxg2 $1 {gagnait
un pion net et la partie !} 17. Nf3 (17. Kf1 $4 Bxa6+ $1 18. Kxg2 Rxh8 $19)
17... Bb7 $19) 17. Rxa8 Bxa8 18. g3 c5 {Malgré l'oubli du 16ème coup, les
Noirs conservent l'avantage et s'emparent de l'initiative au centre.} 19. Bf1 {
par crainte de se faire enfermer le Ba6 après c5-c4} Bc6 20. Ne2 Rg8 $6 {Pas
une faute en soi, mais pas le plus précis !} ({Pourquoi ne pas prendre le
contrôle de la seule colonne ouverte par} 20... Rh7 {? Les Noirs vont ensuite
continuer par ...Ba4-Nf6-Ne4}) 21. Bg2 {Les pièces blanches peinent à trouver
leurs cases et les Noirs continuent tranquillement d'augmenter la pression.}
Ba4 22. Kd2 Rc8 23. Rc1 Nf6 24. Nf4 Rh8 {trop tard !} (24... Ne8 $1 {avec
l'idée Nd6-c4 ou Nd6-b5 était très fort.}) 25. Bf3 $6 {trop passif !} (25. dxc5
$1 {était nécéssaire pour activer la Rc1.} bxc5 26. Rb1 Bc6 27. c4 {et bien
que la position noire soit encore préférable, les Blancs ont réussi à trouver
un peu de jeu pour leurs pièces.}) 25... Rh2 26. Ke3 Kd6 (26... Ne8 $1) 27. g4
$2 {Une grosse faute stratégique. Les Blancs affaiblissent leur structure de
pions.} (27. Nd3 $142) 27... Rh8 $6 {trop passif !} (27... Rh4 $1 28. g5 Ng4+
29. Ke2 (29. Bxg4 Rxg4 {gagne le pion g5.}) 29... Bb5+ $1 30. Nd3 (30. Kd2 $4
Nh2 $19) 30... Nh2 $1 $19 {et les Blancs ne vont pas survivre longtemps à la
pression adverse.}) 28. Nh5 Nd7 29. Be2 e5 $6 {prématuré.} (29... Nb8 $142 {/\
Nc6 pour mettre la pression sur d4.}) 30. dxe5+ Nxe5 31. f4 Nc6 {Les Noirs ont
donné beaucoup de jeu à leur adversaire. Mais les Blancs ne vont pas saisir
leur chance.} 32. Kf2 $6 {pas le bon côté.} (32. Kd2 $1 {Le K doit contrôler
l'avancée des pions centraux et protéger les faiblesses c3-c2 pour libérer
leur Rc1.}) 32... Ne7 $6 (32... d4 $1) 33. c4 $2 {Il ne faut jamais toucher
les pions du côté de l'échiquier où on est le plus faible !} (33. Bf3 $11)
33... d4 $6 (33... dxc4 $1 34. Bxc4 f5 35. Kg3 b5 $1 36. Bd3 fxg4 37. Kxg4 Nd5
$36) 34. f5 $6 {donne la case e5 sans raison et enferme le Be2 !} Nc6 35. Bd3
Ne5 $15 36. Kg3 Nxd3 $6 (36... b5 $1 37. cxb5 Nxd3 38. cxd3 Bxb5 39. Nf4 Re8
$15) 37. cxd3 Re8 38. Nf4 $2 (38. g5 $1 {activité !} Re3+ 39. Kf4 Rxd3 40. g6
fxg6 41. fxg6 Bd7 42. g7 Be6 43. Nf6 Rxa3 44. g8=Q Bxg8 45. Nxg8 $13) 38...
Re3+ 39. Kh4 Ke5 (39... Rf3 $1 40. Re1 $1 b5 $1 (40... Rxf4 $2 41. Kg3 Rxg4+
42. Kxg4 Bc2 $17) 41. cxb5 Bxb5 42. Kg5 a5 $19) 40. Nd5 $2 (40. Rf1 b5 41. cxb5
Bxb5 $17) 40... Rxd3 41. Re1+ Kd6 42. g5 Bd7 43. g6 $2 $19 (43. Kg4 $142) 43...
fxg6 44. fxg6 Rh3+ $1 45. Kg5 Rg3+ $1 46. Kf6 Rf3+ $1 47. Kg5 Be6 48. g7 Rg3+
49. Kf6 Bxd5 50. cxd5 Rxg7 $1 (50... Kxd5 $4 51. Re5+ Kc4 52. Rg5 $18) 51. Kxg7
Kxd5 $19 {Diagramme [#] La finale devrait être facilement gagnante pour les
Noirs..} 52. Kf6 d3 53. Kf5 c4 $4 (53... Kd4 $1 54. Kf4 d2 55. Rg1 c4 $19) 54.
Kf4 $1 {Maintenant c'est nulle !} Kd4 55. Re4+ $1 Kc3 56. Ke3 b5 57. Re5 {La
bonne rangée pour la R, les Noirs ne peuvent plus progresser !} a6 58. Rd5 $11
Kb3 $4 {Une gaffe peu évidente qui aurait pu coûter la partie !} 59. Rd6 $4 (
59. Kd2 $1 {gagnait !} Kb2 {Les Blancs gagnent ici par une belle manoeuvre.} (
59... Kxa3 60. Kc3 {le K noir ne peut pas aider ses pions à avancer et les
Noirs vont se retrouver rapidement en zugzwang !} Ka4 61. Rd6 $1 Ka5 (61... a5
62. Rd5 $1 {zugzwang !}) 62. Rh6 $1 {zugzwang !} d2 63. Rd6 $1 d1=Q 64. Rxd1
Kb6 65. Rd6+ $1 {et les Blancs vont facilement l'emporter !}) 60. Rg5 Kb3 61.
Rc5 $1 Kb2 62. a4 $1 $18) 59... Kc2 $11 {Maintenant la finale est nulle...} 60.
Rxa6 $4 {... ou pas !!} (60. Rd8 {ou n'importe quel autre coup de R sur la
colonne 'd' annulait facilement.}) 60... d2 61. Rd6 d1=Q 0-1

[Event "Championnat 13"]
[Site "Vitrolles"]
[Date "2013.02.02"]
[Round "7"]
[White "Arslan, Paul-Peter"]
[Black "Anton, Jose"]
[Result "0-1"]
[WhiteElo "1850"]
[BlackElo "1890"]
[Annotator "Gozzoli,Y"]
[PlyCount "82"]
[EventDate "2012.??.??"]
[EventType "swiss"]
[EventRounds "6"]
[EventCountry "FRA"]
[SourceDate "2005.09.12"]

1. c4 e5 2. Nc3 Nf6 3. g3 d5 4. cxd5 Nxd5 5. Bg2 Nb6 6. d3 Be7 7. Nf3 Nc6 8.
O-O O-O {On obtient donc un Dragon en premier !} 9. Bd2 $6 {le B va plutôt en
e3 ou b2 dans la structure Dragon, la case d2 étant plutôt la "propriété" du
Nf3.} (9. a3) (9. Be3) 9... Re8 (9... Be6) 10. Rc1 Be6 $6 {Les Noirs
confondent les plans.} (10... Bf8 {est l'idée de ...Re8. Les Noirs veulent
jouer rapidement ..Nd4 pour attaquer le pion e2 arriéré et pousser c7-c6 afin
de bloquer la diagonale du Bg2 et la pression de la Rc1.}) 11. a3 f6 12. b4 {
On se demande donc ce que fait le B en d2...} a5 $1 13. b5 Nd4 14. Nxd4 {Plus
ou moins forcé. Dans la variante principale, les Blancs doivent pouvoir
répondre à ...Nd4 par Nd2 pour chasser ensuite le Nd4 par e2-e3, d'où
l'importance de ne pas mettre de pièces en d2...} exd4 15. Na4 Bd5 $6 {
Diagramme [#]} (15... Bxa3 16. Ra1 Bb4 17. Bxb7 Rb8 18. Bc6 Nd5 $13) 16. Nxb6
$6 {donne la case c5 au Be7.} (16. Bf4 $1 c6 (16... Rc8 $4 17. Nxb6 $18) 17.
bxc6 $1 bxc6 18. Nxb6 Qxb6 19. Bxd5+ cxd5 20. Qa4 Bf8 21. Rc2 $14 {/+/-}) 16...
cxb6 17. a4 Bxg2 18. Kxg2 Qd5+ 19. Kg1 Bc5 $15 {Les Noirs ont réussi à bloquer
le jeu à l'aile-Q et vont maintenant s'en prendre au pion e2 et aux cases
blanches faibles.} 20. Re1 Rad8 $6 (20... Re5 $1 {/\ Rae8, h7-h5}) 21. Rc2 $6 {
passif.} (21. Qc2 {/\ Qc4 pour soulager la pression sur l'aile-K était
nécéssaire.}) 21... Qb3 $6 (21... Re5 $142) 22. Rc1 $6 (22. Rc4 $1 Qxd1 23.
Rxd1 Rxe2 24. Bxa5 $1 $11) 22... Qd5 23. Rc2 Re7 $15 24. Qc1 Rde8 (24... Rc8 {
était aussi intéréssant. Si les Blancs gardent la pression sur la colonne par}
25. Rc4 (25. Qb2 Rce8 $15) 25... Rce8 26. Bxa5 Rxe2 $1) 25. Bxa5 Qb3 (25... g5
$1 {était très fort !} 26. Bd2 (26. Rf1 h5 $1 27. Re1 h4 $19) 26... Rxe2 27.
Rxe2 Rxe2 28. Be1 Re7 $36) 26. Qd2 $2 (26. Qb1 $1 Qxb1 (26... Qxa4 $4 27. Ra2
Ba3 28. Bd2 {et le Ba3 va disparaître.}) 27. Rxb1 Rxe2 28. Bd2 $11 {avec
l'idée Kf1-Re1.}) 26... Qxa4 $6 (26... Ba3 $1 {gagnait beaucoup de matériel.}
27. Bxb6 Bb4 28. Qc1 Bxe1 $19) 27. Rc4 Qxb5 $17 28. Qa2 Kf8 29. Rb1 Qxa5 (29...
Qa6 $1 30. Qa4 (30. Rb2 $2 Ra8 $1 $19) 30... Rxe2 31. Rb5 Ra2 $1 32. Qxa2 Qxb5
33. Bd2 Qc6 $19) 30. Qxa5 bxa5 31. Rxc5 Ra8 $17 {Diagramme [#] la finale est
très désagréable pour les Blancs qui doivent faire face à deux pions passés
liés.} 32. Rcb5 $2 ({il fallait essayer de "contrôler" l'avancée des pions et
préparer l'arrivée du K par} 32. Rc2) 32... a4 (32... Rxe2 $142 33. Rxb7 a4 $17
) 33. Rxb7 $4 {Une grosse faute qui perd immédiatement.} (33. Kf1 $142) 33...
a3 (33... Rxb7 $1 34. Rxb7 a3 35. Rb1 a2 36. Ra1 Ke7 37. Kf1 Kd6 38. Ke1 Kc5
39. Kd2 Kb4 40. Kc2 Ka3 {suivi de Rc8+ et Kb2 gagne.}) 34. Rb8+ Rxb8 35. Rxb8+
Re8 36. Rb1 Rxe2 37. Ra1 a2 {Les Noirs ont bien maîtrisé la phase d'échange et
sont aussi facilement gagnants.} 38. Kg2 Ke7 39. Kf3 Rc2 40. Rf1 Kd6 41. Ke4
Rxf2 0-1

[Event "Championnat 13"]
[Site "Vitrolles"]
[Date "2013.02.02"]
[Round "7"]
[White "Flores, Adrian"]
[Black "Dudognon, Thibault"]
[Result "0-1"]
[WhiteElo "1918"]
[BlackElo "1921"]
[Annotator "Gozzoli,Y"]
[PlyCount "64"]
[EventDate "2012.??.??"]
[EventType "swiss"]
[EventRounds "6"]
[EventCountry "FRA"]
[SourceDate "2005.09.12"]

1. d4 Nf6 2. c4 c5 3. d5 e6 4. Nc3 exd5 5. cxd5 d6 6. e4 g6 7. f4 {Une
variante aussi dangereuse pour les Blancs que pour les Noirs !} Bg7 8. Nf3 (8.
Bb5+ {est une des variantes les plus complexes qui existent aux Echecs !} Nfd7
(8... Nbd7 $5)) (8. e5 {l'attaque Mikenas.}) 8... O-O 9. Bd3 (9. e5 $5) 9...
Re8 10. O-O a6 11. a4 Bg4 12. h3 Bxf3 13. Qxf3 Nbd7 {jusqu'ici rien à signaler.
Mais maintenant les Blancs vont commettre une grosse faute stratégique.} 14.
Be3 $6 {Diagramme [#] Toujours dangereux tactiquement de placer un B en e3
dans la Benoni, surtout après avoir poussé f2-f4 !} (14. Kh1 {pour enlever les
éventuelles tactiques sur la diagonale a7-g1 était nécéssaire. Il ne faut pas
oublier que l'idée de 7.f4 n'est pas uniquement une prise d'espace mais aussi
l'idée de pousser au centre !}) 14... Qc7 $6 (14... Qa5 {/\ Qb4 est meilleur.})
15. b3 $6 {Trop d'affaiblissements !} (15. a5 $142) 15... Rab8 (15... c4 $5 16.
Bxc4 (16. bxc4 Nc5 $1 17. Bxc5 Qxc5+ 18. Kh1 Nd7 19. Rac1 f5 $1 $36) 16... Nb6
17. Rac1 Nxc4 18. bxc4 Qxc4 19. Nb5 Qxe4 $13) 16. Rac1 Qa5 $6 (16... Re7 $5)
17. Bd2 Qb6 $6 {Les Noirs ne savent pas trop quoi faire avec leur Q !} 18. g4
$4 (18. Kh1 {et les Noirs doivent vite trouver quelque chose à faire avant que
les Blancs mettent en marche leur majorité centrale !} Qxb3 $6 19. Rb1 Qa3 {
amène une position surprenante où les Noirs peuvent sacrifier la Q et obtenir
de grosses compensations !} 20. Bc4 b5 21. Bc1 Qxc3 22. Qxc3 Nxe4 23. Qf3 bxc4
24. Rxb8 Nxb8 25. f5 $1 {et les Noirs vont avoir du mal à stabiliser le Ne4.} (
25. Re1 f5 {et ce sont les Noirs qui jouent pour le gain !})) 18... c4+ 19. Be3
Qxb3 20. Bb1 b5 $19 {Tout est fini.} 21. Bd2 Qa3 22. g5 Nh5 23. Qg4 b4 24. Ne2
c3 25. Be1 Qxa4 26. e5 dxe5 27. f5 e4 28. fxg6 hxg6 29. Bxe4 b3 30. Ng3 Nxg3
31. Rxf7 Bd4+ 32. Kg2 Rxe4 0-1

[Event "Championnat 13"]
[Site "Vitrolles"]
[Date "2013.02.02"]
[Round "7"]
[White "Danielan, Kevin"]
[Black "Chauvet, Jean-Marc"]
[Result "1/2-1/2"]
[WhiteElo "1764"]
[BlackElo "1943"]
[Annotator "Gozzoli,Y"]
[PlyCount "28"]
[EventDate "2012.??.??"]
[EventType "swiss"]
[EventRounds "6"]
[EventCountry "FRA"]
[SourceDate "2005.09.12"]

1. d4 e6 2. c4 Nf6 3. Nc3 Bb4 4. Qc2 O-O 5. Bg5 $6 (5. a3 Bxc3+ 6. Qxc3 {est
la continuation principale.}) 5... d5 (5... h6 $1 6. Bh4 c5 $1 $36 {est une
très bonne manière d'essayer de punir la sortie prématurée du B. Dans un
premier temps les Noirs l'éloigent du jeu et de la diagonale c1-h6 par 5...h6
puis attaquent les cases noires centrales.}) 6. e3 (6. Nf3 {est plus "précis".}
) 6... c5 7. Nf3 cxd4 8. exd4 Nbd7 $6 (8... h6 9. Bh4 Nc6 $11) 9. cxd5 (9. c5
$5) 9... exd5 10. Be2 h6 11. Bf4 Re8 12. O-O Bxc3 13. bxc3 Nf8 14. Ne5 N6d7 $14
1/2-1/2

[Event "Championnat 13"]
[Site "Vitrolles"]
[Date "2013.02.02"]
[Round "7"]
[White "Tchiteyan, Philippe"]
[Black "Bouillot, Quentin"]
[Result "0-1"]
[WhiteElo "1650"]
[BlackElo "1685"]
[Annotator "Gozzoli,Y"]
[PlyCount "112"]
[EventDate "2012.??.??"]
[EventType "swiss"]
[EventRounds "6"]
[EventCountry "FRA"]
[SourceDate "2005.09.12"]

1. e4 e5 2. Nf3 Nc6 3. d4 exd4 4. Nxd4 Nf6 {La variante la plus compliquée de
l'Ecossaise.} 5. Nxc6 bxc6 6. Bd3 {pas le plus dangereux.} (6. e5 Qe7 7. Qe2
Nd5 8. c4 {fût longtemps la spécialité de Kasparov avec les Blancs dans les
années 90.}) 6... Bc5 $6 (6... d5 $11) 7. Nc3 $6 (7. e5 $1 {aurait posé de
sérieux problèmes d'harmonie aux pièces noires !} Nd5 8. O-O O-O 9. Nd2 d6 10.
Ne4 Bd4 (10... Bb6 $6 11. c4 $1 Ne7 12. Qh5 Bf5 13. exd6 cxd6 14. Nf6+ $1 gxf6
15. Bxf5 Nxf5 16. Qxf5 Kh8 17. Bf4 $16) 11. Bg5 Qe8 12. c4 $1 $40 Nb6 $140 $4
13. Nf6+ $1 gxf6 14. Qh5 f5 15. Bf6 {suivi du mat.}) 7... d6 8. Na4 Nd7 $6 (
8... Bb6 $11) 9. O-O O-O 10. Nxc5 Nxc5 {La position est assez équilibrée, bien
que légérement favorable aux Blancs.} 11. Qh5 $6 {Le jeu n'est pas ici.} (11.
b3 Re8 12. Re1 Qf6 13. Rb1 Nxd3 14. cxd3 c5 15. Bb2 Qe7 16. d4 $14 {les B de
couleurs opposées favorisent le camp qui attaque !}) 11... Qe7 12. f3 $6 {très
affaiblissant.} (12. Re1 Nxd3 13. cxd3 c5 14. Bd2 f6 $11) 12... Nxd3 13. cxd3
Qf6 $6 (13... c5 $11) 14. Rb1 $6 (14. Qa5 {est une superbe case pour la Q qui
tape sur a7 et c7.} Qd4+ 15. Kh1 Qxd3 (15... Qb6 16. Bd2 c5 17. b3 Be6 18. Rac1
$14) 16. Bf4 Be6 17. Qxc7 d5 $11) 14... Qd4+ 15. Kh1 Qxd3 $17 {les Noirs ont
gagné un pion important et les Blancs n'ont pas de compensation évidente.} 16.
Bf4 Be6 (16... a5 {pour ôter cette case à la Q blanche était fort !}) 17. Qa5
$1 {mieux vaut tard que jamais !} Qb5 $6 (17... Rfc8 $15) 18. Qxc7 Bxa2 19. Ra1
Bc4 20. Rfc1 d5 21. exd5 cxd5 22. Be5 $44 {Diagramme [#] Les Blancs ont
maintenant des compensations, leur B va trouver une superbe case en d4.} a6 23.
Bc3 $6 (23. Bd4 $142) 23... f6 $1 {Les Noirs limitent l'activité du B adverse.}
24. Rd1 Rf7 25. Qg3 a5 26. Qd6 $6 (26. Re1 $1 {et je ne vois pas comment les
Noirs peuvent progresser.}) 26... a4 27. Re1 Qd7 28. Qc5 $6 (28. Qxd7 Rxd7 29.
Bd4 {et la nulle est proche.}) 28... Bb3 29. Re3 Rc8 30. Qa3 $4 {Une grosse
faute qui perd en ligne.} (30. Qb6 $142) 30... d4 $1 $19 31. Rd3 Rc4 $2 {les
Noirs ne saisissent pas leur chance !} (31... dxc3 $1 {gagne sur-le-champ.} 32.
Rxd7 c2 $1 33. Rc1 Rxd7 $19) 32. Bb4 $2 {la Q blanche va se retrouver
définitivement hors-jeu.} (32. Re1) 32... Bc2 $6 (32... Qf5 $1 33. Rd2 Rfc7 $19
) 33. Rd2 d3 {Les Noirs ont fait de gros progrès. Mais il leur reste du
travail avant de concrétiser cet avantage en point. Mais les Blancs vont
craquer.} 34. b3 $4 (34. Re1 Qb5 35. Bc3 Rb7 36. h3 $19) 34... axb3 $19 35. Bc5
g6 36. Bf2 Qb7 (36... Qb5 $1 37. Qb2 Qe5 $19) 37. Qb2 Rc8 38. Bd4 Qc6 $2 (38...
Qb4 $1 39. Be3 Re7 40. Bh6 Qh4 $19) 39. Rf2 Rd8 40. Be3 Ra8 41. Rff1 Rxa1 42.
Rxa1 {Les Noirs ont raté de nombreux gains "en force" mais leur position reste
gagnante.} Qd6 43. Bh6 Qd8 44. Qc3 Rc7 $1 45. Qa5 Kf7 $6 (45... g5 $1 $19 46.
-- (46. Qd2 b2) 46... d2) 46. Re1 g5 $1 47. Bxg5 fxg5 48. Qf5+ Kg8 49. Qe6+ Rf7
50. Qc6 Qf6 51. Qe8+ Kg7 52. Re6 d2 53. h3 d1=Q+ 54. Kh2 Qf4+ 55. g3 Qxg3+ 56.
Kxg3 Qg1# 0-1

[Event "Championnat 13"]
[Site "Vitrolles"]
[Date "2013.02.02"]
[Round "7"]
[White "Urcun, Gael"]
[Black "Colandrea, Sauveur"]
[Result "1-0"]
[WhiteElo "1689"]
[BlackElo "1817"]
[Annotator "Gozzoli,Y"]
[PlyCount "80"]
[EventDate "2012.??.??"]
[EventType "swiss"]
[EventRounds "6"]
[EventCountry "FRA"]
[SourceDate "2005.09.12"]

1. e4 e5 2. Bc4 Nf6 3. d3 Nc6 4. Nc3 Be7 $6 {Un peu passif.} (4... Bc5) (4...
Bb4) 5. f4 d6 6. Nf3 Bg4 $1 {La bonne idée, normalement jouée avec le B en c5.
Les Noirs veulent rapidement jouer Nd4 puis c7-c6} 7. h3 $6 {Pas vraiment
utile, les Noirs sont venus pour échanger de toutes façons et ne peuvent pas
vraiment profiter du clouage.} (7. O-O Nd4 $6 (7... O-O $142) 8. fxe5 $1 Bxf3 (
8... dxe5 $2 9. Bxf7+ $1 Kxf7 10. Nxe5+ $18) 9. gxf3 dxe5 10. f4 $14) 7... Bxf3
8. Qxf3 Nd4 9. Qf2 c6 10. Be3 $6 {Diagramme [#]} ({Il était nécéssaire de
conserver le B de cases blanches tout en empêchant l'expension noire à
l'aile-Q par} 10. a4) 10... Nh5 {Une excellente idée mais qui pouvait être
améliorée !} (10... b5 $1 11. Bb3 a5 $1 {empêche le 0-0-0.} 12. a4 Nh5 13. O-O
Bh4 14. Qd2 Nxb3 15. cxb3 exf4 16. Bxf4 b4 17. Ne2 Nxf4 18. Nxf4 O-O $15) 11.
O-O-O (11. O-O $142 $11 {était plus sûr.}) 11... Bh4 $1 12. g3 (12. Qd2 $6 b5
$1 13. fxe5 dxe5 14. Bb3 a5 $36) 12... Nxg3 {Les Noirs vont gagner du matériel
mais vont devoir stabiliser la position pour valoriser ce gain.} (12... Bxg3 $1
13. Qg1 Bxf4 14. Bxf4 Nxf4 15. Qxg7 Rf8 $17) 13. Qg2 d5 $2 {Il est peu usuel
d'ouvrir le centre alors que K s'y trouve toujours !} (13... b5 $1 14. Bb3 Nxh1
15. Rxh1 Nxb3+ 16. axb3 O-O $17) 14. exd5 b5 $2 {Diagramme [#]} (14... Nxh1 15.
Rxh1 O-O 16. fxe5 Nf5 17. Rg1 $1 g6 18. Bc5 Re8 19. dxc6 bxc6 20. e6 $1 $36)
15. Bb3 $6 (15. dxc6 $3 O-O (15... bxc4 16. c7 Qc8 17. fxe5 $1 O-O (17... Ne6
18. Qc6+ Kf8 19. Nb5 $18) 18. Bxd4 Nxh1 19. Rxh1 Qxc7 20. Nd5 Qd7 21. dxc4 $16)
(15... Nxh1 16. c7 Qc8 17. Qxg7 $1 Rf8 18. Nxb5 $18) 16. Bxb5 Nxb5 17. Nxb5
Nxh1 18. Rxh1 $16) 15... Nxh1 16. Rxh1 Nxb3+ 17. axb3 b4 18. Ne4 O-O $13 19.
dxc6 f5 $2 (19... Rc8 $1 20. Rg1 g6 21. fxe5 Rxc6 22. Nf6+ Rxf6 23. exf6 Bxf6
$11) 20. Nc5 (20. Nd2 $5 $14) 20... Rf7 $2 (20... exf4 $1 21. Bxf4 (21. Ne6 $2
Qe7 $1 22. Bd4 f3 $1 23. Qxg7+ Qxg7 24. Nxg7 Rac8 $17) 21... Re8 $1 22. c7 Qd4
23. Ne6 Qf6 $13) 21. fxe5 $1 f4 22. Ne6 $2 (22. Bxf4 $1 Rxf4 23. Ne6 $18) 22...
Qe7 23. Nxf4 Qxe5 24. Nd5 $4 (24. Qe4 $17) 24... Rd8 $2 (24... Rf5 $1 $19 {
gagne une pièce et la partie.}) 25. c7 $1 Rc8 {Diagramme [#]} (25... Re8 $142)
26. Bxa7 $2 {Ce pion a peu d'importance tant que les Q sont encore sur
l'échiquier.} (26. Qg4 $1 Rf5 (26... Qf5 27. Bxa7 $1 $18) 27. Rg1 g6 28. Qxh4
Qxd5 29. Qxb4 Rf7 30. Bc5 Rfxc7 31. d4 $13) 26... Qd6 $4 (26... Rf5 $1 {
gagnait encore !} 27. Ne3 (27. Nxb4 Qf4+ 28. Kb1 Qxb4 29. Qc6 Qe7 $19) (27. Nb6
Qe3+ 28. Kb1 Rxc7 $19) 27... Bg5 28. Kb1 Bxe3 29. Re1 Rg5 30. Qb7 Qxc7 31. Qxc7
Rxc7 32. Bxe3 Re7 $19) 27. Bb8 $2 {le B est hors-jeu ici.} (27. Rg1 $1 g6 28.
Qg4 Rd7 29. Bb6 Qxd5 30. Qxh4 $16) 27... h5 $2 (27... Rf5 $1 28. Ne3 Bg5 29.
Re1 Re5 30. Ba7 h6 $1 31. Kb1 Rxc7 $19) 28. Rg1 $6 (28. Qe4 $1 Bg3 29. Kb1 $18)
28... Qe5 $2 (28... Qc5 $142) 29. Qe4 $1 Qh2 30. Qg2 (30. Rh1 $1 Qd6 31. Nxb4
$18 Rf4 $140 32. Qd5+) 30... Qd6 31. Qe4 Qh2 32. Rd1 $6 (32. Rh1) 32... Qxh3
33. Nb6 $2 (33. Kb1 $142) 33... Rfxc7 $4 {La faute décisive.} (33... Rf1 $1 34.
Qd5+ Kf8 35. Qxh5 Rxc7 $3 36. Bxc7 Bg5+ 37. Kb1 Qxh5 38. Rxf1+ Kg8 39. Nc4 $11)
34. Bxc7 Rxc7 35. Qe8+ $18 Kh7 36. Qxh5+ Kg8 37. Qe8+ Kh7 38. Qe4+ Kg8 39. Rh1
Bg5+ 40. Kb1 Qg3 {Et les Noirs abandonnent sans attendre le mat. Quel combat !}
1-0

[Event "Championnat 13"]
[Site "Vitrolles"]
[Date "2013.02.02"]
[Round "7"]
[White "Bertrand, Alexandre"]
[Black "Estevez, Ange"]
[Result "1-0"]
[WhiteElo "1744"]
[BlackElo "1628"]
[Annotator "Gozzoli,Y"]
[PlyCount "63"]
[EventDate "2012.??.??"]
[EventType "swiss"]
[EventRounds "6"]
[EventCountry "FRA"]
[SourceDate "2005.09.12"]

1. e4 e5 2. Nf3 Nc6 3. Bb5 a6 4. Ba4 Nf6 5. O-O b5 6. Bb3 Be7 7. Re1 O-O 8. c3
d5 {Le Gambit Marshall.} 9. exd5 e4 $6 {Une sous-variante douteuse.} (9... Nxd5
10. Nxe5 Nxe5 11. Rxe5 c6 {est la ligne principale.}) 10. dxc6 exf3 11. d4 $1 {
La réfutation. Les Blancs ne s'occupent pas du pion f3 et accélèrent leur
développement.} Bg4 12. gxf3 Bh5 13. Bf4 Bd6 14. Bg3 Re8 15. Nd2 $16 {
Diagramme [#]  Les Noirs n'ont pas de compensations pour les deux pions de
moins.} Bxg3 16. hxg3 Qd6 17. Bc2 $6 {inutile.} (17. d5 $1 Rxe1+ (17... Nxd5
18. Ne4 $18) 18. Qxe1 Nxd5 19. Rd1 Nf6 20. Ne4 Qxc6 21. g4 $1 Bg6 22. g5 $1
Nxe4 23. Bd5 $18) 17... Rxe1+ 18. Qxe1 Re8 19. Qf1 Qxc6 20. g4 $2 {Une grosse
faute stratégique qui donne les cases noires et permettent aux Noirs d'obtenir
du jeu.} (20. Be4 Qd7 21. Re1 $16) 20... Bg6 21. Bxg6 hxg6 22. Re1 Nd5 23.
Rxe8+ Qxe8 24. Ne4 {Diagramme [#]} Nf4 $6 (24... f5 $1 25. Nc5 Nf4 $44) 25. Qe1
$1 Kf8 26. Qd2 Nd5 27. Nc5 $16 {Les Blancs ont repoussé les pièces noires et
vont maintenant valoriser leur pion de plus.} f5 $2 28. gxf5 gxf5 29. Qg5 $18
Qe1+ 30. Kg2 Qe7 31. Qxf5+ Nf6 32. Qe6 1-0